X-Ray Metrology in Semiconductor Manufactoring

Salvato in:
Dettagli Bibliografici
Autori principali: Bowen, D.Keitn (Autore), Tanner, Brian K (Autore)
Natura: Libro
Lingua:inglese
Pubblicazione: Boca Raton : CRC Press, 2006
Soggetti:
Tags: Aggiungi Tag
Nessun Tag, puoi essere il primo ad aggiungerne!!

MARC

LEADER 00000nam a22000003a 4500
001 stu130881
005 20150617225908.8
008 061206s2006----xxu-----------------eng-d
020 |a 0-8493-3928-6 
040 |a STU  |b slo 
041 0 |a eng 
044 |a xxu 
080 |a 539.26  |7 stu_us_auth*stu16834 
080 |a 543.422.8 
080 |a 548.73 
080 |a 620.179.152 
084 |a A0785  |2 INS  |7 stu_us_auth*stu6461 
084 |a A6110  |2 INS  |7 stu_us_auth*stu6462 
084 |a A8280D  |2 INS  |7 stu_us_auth*stu6463 
084 |a A8100  |2 INS 
084 |a A8170  |2 INS  |7 stu_us_auth*stu6464 
100 1 |a Bowen, D.Keitn  |4 aut 
245 1 |a X-Ray Metrology in Semiconductor Manufactoring 
260 |a Boca Raton :  |b CRC Press,  |c 2006 
300 |a 279 s 
650 7 |a röntgenová spektroskopia  |2 stusub 
650 7 |a röntgenová fluorescenčná analýza  |2 stusub 
650 7 |a náuka o materiáloch  |2 stusub 
650 7 |a röntgenografia  |2 stusub 
650 7 |a fyzika tuhých látok  |2 stusub 
650 7 |a polovodiče  |2 stusub 
650 7 |a integrované obvody  |2 stusub 
650 7 |a polovodičové platne  |2 stusub 
650 7 |a fluoroskopia  |2 stusub 
700 1 |a Tanner, Brian K  |4 aut 
996 |b 284EK86654  |c E*86654  |l EE11  |s P  |a 0  |w stu130881_0001